[Event "AUTO-ADV-935"]
[Site "http://www.queenalice.com/game.php?id=415936"]
[Date "2008.6.11"]
[Round "1"]
[White "Chazam"]
[Black "E2TO"]
[Result "0-1"]
[WhiteElo "1453"]
[BlackElo "1884"]

1. c4 Nf6 2. Qc2 c5 3. Nc3 d6 4. Nf3 g6 5. e3 Bg7 6. d4 O-O 7. d5 e6 8. dxe6
Bxe6 9. Bd3 Re8 10. Ng5 Bd7 11. O-O Nc6 12. Bd2 Nb4 13. Qb1 Nxd3 14. Qxd3 Bc6
15. Rfe1 h6 16. Nf3 Ne4 0-1

[Event "AUTO-OPEN-1158"]
[Site "http://www.queenalice.com/game.php?id=416089"]
[Date "2008.6.11"]
[Round "1"]
[White "lucasboth"]
[Black "E2TO"]
[Result "1-0"]
[WhiteElo "2159"]
[BlackElo "1888"]

1. e4 c5 2. Nf3 d6 3. d4 cxd4 4. Nxd4 Nc6 5. Nc3 a6 6. Nxc6 bxc6 7. Bc4 e5 8.
O-O Nf6 9. Be3 Bb7 10. a4 d5 11. Qe2 dxc4 12. Rad1 Bd6 13. Qxc4 O-O 14. Bc5 Ne8
15. Bxd6 Nxd6 16. Qb4 Qe7 17. Rxd6 Rac8 18. Qc5 Rfd8 19. Rxd8+ Qxd8 20. Qxe5 c5
21. Rd1 Qc7 22. Qxc7 1-0

[Event "AUTO-OPEN-1158"]
[Site "http://www.queenalice.com/game.php?id=416090"]
[Date "2008.6.11"]
[Round "1"]
[White "E2TO"]
[Black "lucasboth"]
[Result "0-1"]
[WhiteElo "1899"]
[BlackElo "2154"]

1. e4 e5 2. Nf3 Nc6 3. Bb5 a6 4. Ba4 Nf6 5. O-O Nxe4 6. Re1 Nc5 7. Bxc6 dxc6 8.
Nxe5 Be7 9. Qh5 O-O 10. d3 Ne6 11. Re4 Nd4 12. Nf3 Nxc2 13. Bg5 f6 14. Bh4 Nxa1
15. Bg3 Qxd3 16. Nbd2 Rf7 17. Rd4 Qb5 18. Qh4 Qxb2 0-1

[Event "AUTO-OPEN-1158"]
[Site "http://www.queenalice.com/game.php?id=416133"]
[Date "2008.6.11"]
[Round "1"]
[White "E2TO"]
[Black "Leijoto"]
[Result "1-0"]
[WhiteElo "1786"]
[BlackElo "1532"]

1. d4 d5 2. e4 dxe4 3. Nc3 Nf6 4. f3 exf3 5. Nxf3 g6 6. Bc4 e6 7. Bg5 Bg7 8. O-O
O-O 9. Ne5 a6 10. Ng4 e5 11. Nxf6+ Bxf6 12. Bxf6 Qxd4+ 13. Qxd4 exd4 14. Nd5 Nc6
15. Rad1 Be6 16. Rxd4 Nxd4 17. Ne7# 1-0

[Event "AUTO-OPEN-1158"]
[Site "http://www.queenalice.com/game.php?id=416134"]
[Date "2008.6.11"]
[Round "1"]
[White "Leijoto"]
[Black "E2TO"]
[Result "0-1"]
[WhiteElo "1541"]
[BlackElo "1792"]

1. e4 c5 2. Bc4 d6 3. Nf3 Nf6 4. Nc3 g6 5. O-O Bg7 6. d3 O-O 7. Bg5 Bg4 8. Qd2
Bxf3 9. gxf3 Nc6 10. Bh6 Nd4 11. Qf4 e5 12. Qe3 Nxc2 13. Qd2 Nxa1 14. Rxa1 Nh5
15. Nd5 Qh4 16. f4 Bxh6 17. b4 Bxf4 18. Qe1 Qxh2+ 19. Kf1 Qh1+ 20. Ke2 Qxe1+ 21.
Rxe1 Kg7 22. bxc5 dxc5 23. Rg1 a6 24. Rb1 b5 25. Bb3 Bh2 26. Rh1 Nf4+ 27. Nxf4
Bxf4 28. Bd5 Rab8 29. a3 f5 30. exf5 Rxf5 0-1

[Event "AUTO-ADV-825"]
[Site "http://www.queenalice.com/game.php?id=416886"]
[Date "2008.6.13"]
[Round "2"]
[White "E2TO"]
[Black "claudiopsi"]
[Result "0-1"]
[WhiteElo "1876"]
[BlackElo "2003"]

1. e4 c6 2. d4 d5 3. Nc3 dxe4 4. Nxe4 Bf5 5. Qe2 Qxd4 6. f3 Nd7 7. c3 Qe5 8. Bd2
Bxe4 9. fxe4 Ngf6 10. Nf3 Qxe4 11. O-O-O Qxe2 12. Bxe2 h6 13. Rhf1 e6 14. Nd4
O-O-O 15. Bf4 e5 16. Nxc6 bxc6 17. Ba6+ Kc7 18. Bxe5+ Nxe5 19. Rxd8 Kxd8 20.
Rd1+ Kc7 0-1

[Event "AUTO-ADV-825"]
[Site "http://www.queenalice.com/game.php?id=416887"]
[Date "2008.6.13"]
[Round "2"]
[White "claudiopsi"]
[Black "E2TO"]
[Result "1-0"]
[WhiteElo "2078"]
[BlackElo "1893"]

1. e4 c5 2. Nf3 Nc6 3. d4 cxd4 4. Nxd4 e5 5. Nb5 d6 6. N1c3 a6 7. Na3 Nf6 8. Bg5
Be7 9. Bxf6 Bxf6 10. Nd5 Bg5 11. c3 b5 12. Nc2 Bb7 13. Bd3 Ne7 14. Nce3 Bxe3 15.
Nxe3 d5 16. Qg4 d4 17. Nf5 Nxf5 18. Qxf5 dxc3 19. bxc3 Qd6 20. Rd1 O-O 21. O-O
g6 22. Qg5 f6 23. Qh6 Qc6 24. Bc2 f5 25. Bb3+ Rf7 26. Bxf7+ Kxf7 27. Qxh7+ Kf6
28. Rd7 Qxe4 29. Qe7# 1-0

[Event "AUTO-ADV-825"]
[Site "http://www.queenalice.com/game.php?id=416888"]
[Date "2008.6.13"]
[Round "2"]
[White "E2TO"]
[Black "mtdfbsb"]
[Result "1-0"]
[WhiteElo "1840"]
[BlackElo "1882"]

1. e4 e5 2. f4 d5 3. Nf3 Nc6 4. Bb5 Bd7 5. Bxc6 Bxc6 6. O-O exf4 7. exd5 Bxd5 8.
Nc3 Bxf3 9. Qxf3 g5 10. Qxb7 Bc5+ 11. Kh1 Ne7 12. Qb5+ Qd7 13. Qxc5 O-O 14.
Qxg5+ Ng6 15. Ne4 Kh8 16. b3 Rg8 17. Bb2+ Rg7 18. Bxg7+ Kxg7 19. Rxf4 Re8 20.
Rh4 Kf8 21. Nf6 Qd4 22. Rxd4 1-0

[Event "AUTO-ADV-825"]
[Site "http://www.queenalice.com/game.php?id=416889"]
[Date "2008.6.13"]
[Round "2"]
[White "mtdfbsb"]
[Black "E2TO"]
[Result "1-0"]
[WhiteElo "1866"]
[BlackElo "1856"]

1. d4 Nf6 2. c4 e6 3. Nc3 Bb4 4. a3 Bxc3+ 5. bxc3 c5 6. Nf3 Ne4 7. Qc2 f5 8. e3
O-O 9. Bd3 d5 10. cxd5 exd5 11. Ne5 c4 12. Bxe4 fxe4 13. Rb1 b6 14. Qa4 Qh4 15.
O-O Na6 16. Qc6 Bf5 17. Qxd5+ 1-0

[Event "Challenge"]
[Site "http://www.queenalice.com/game.php?id=424328"]
[Date "2008.6.28"]
[Round "-"]
[White "E2TO"]
[Black "lobo"]
[Result "1-0"]
[WhiteElo "1882"]
[BlackElo "1858"]

1. e4 e5 2. f4 exf4 3. Nf3 b6 4. Bc4 Qe7 5. O-O Bb7 6. d4 g5 7. Nc3 d6 8. Nxg5
Qxg5 9. Bxf4 Qd8 10. Bxf7+ Kxf7 11. Bg5+ Nf6 12. Qh5+ Kg7 13. Rxf6 Qxf6 14.
Bxf6+ Kxf6 15. Rf1+ Ke7 16. Qf7+ Kd8 17. Qf6+ Kd7 18. Qxh8 Be7 19. Qxh7 Nc6 20.
Nd5 Re8 21. Rf7 Ba6 22. Nf6+ Kc8 23. Nxe8 1-0

[Event "Challenge"]
[Site "http://www.queenalice.com/game.php?id=444809"]
[Date "2008.8.7"]
[Round "-"]
[White "E2TO"]
[Black "lobo"]
[Result "1-0"]
[WhiteElo "1857"]
[BlackElo "1832"]

1. d4 b6 2. c4 e6 3. Nc3 Bb7 4. e4 Bb4 5. Qf3 Nf6 6. Bg5 h6 7. Bxf6 gxf6 8. d5
Na6 9. a3 Bd6 10. b4 Be5 11. Rc1 Qe7 12. Bd3 Nb8 13. Qh5 d6 14. Nf3 Bf4 15. Rc2
Nd7 16. g3 Bg5 17. h4 O-O-O 18. hxg5 hxg5 19. Qxh8 Rxh8 20. Rxh8+ Nf8 21. Nd4
Kd7 22. f3 Ng6 23. Rh7 Ne5 24. dxe6+ Kc8 25. Rh8+ 1-0

[Event "AUTO-ADV-997"]
[Site "http://www.queenalice.com/game.php?id=446130"]
[Date "2008.8.9"]
[Round "1"]
[White "yclaudiu35"]
[Black "E2TO"]
[Result "0-1"]
[WhiteElo "1830"]
[BlackElo "1872"]

1. e4 d5 2. exd5 Nf6 3. c4 c6 4. dxc6 Nxc6 5. h3 e5 6. Nc3 Bc5 7. d3 Nd4 8. Be3
O-O 9. Nf3 Re8 10. Be2 Bf5 11. Nh4 Nxe2 12. Kxe2 Bxe3 13. Nxf5 Bd4 14. Qd2 Bb6
15. Qg5 g6 16. h4 Nh5 17. Qxd8 Raxd8 18. Ne3 Nf4+ 19. Kf3 Rxd3 20. Rad1 f5 21.
Rxd3 Nxd3 22. b3 e4+ 23. Kg3 Bc7+ 24. f4 Bxf4+ 0-1

[Event "AUTO-ADV-997"]
[Site "http://www.queenalice.com/game.php?id=446131"]
[Date "2008.8.9"]
[Round "1"]
[White "E2TO"]
[Black "yclaudiu35"]
[Result "1/2-1/2"]
[WhiteElo "1858"]
[BlackElo "1836"]

1. e4 e5 2. f4 exf4 3. Nf3 d6 4. Bc4 g5 5. h4 Bg4 6. Nc3 a6 7. d3 Nc6 8. Nxg5
Bxd1 9. Bxf7+ Kd7 10. Be6+ Ke8 11. Bf7+ Kd7 12. Be6+ Ke8 13. Bf7+ Kd7 1/2-1/2

[Event "AUTO-ADV-997"]
[Site "http://www.queenalice.com/game.php?id=446148"]
[Date "2008.8.9"]
[Round "1"]
[White "E2TO"]
[Black "fera77"]
[Result "1-0"]
[WhiteElo "1878"]
[BlackElo "1905"]

1. e4 c5 2. Nf3 d6 3. d4 cxd4 4. Nxd4 Nf6 5. Bb5+ Bd7 6. O-O e5 7. Bxd7+ Nbxd7
8. Nf5 Nxe4 9. Be3 g6 10. Nh6 Bg7 11. Qf3 f5 12. h4 Ndf6 13. Bg5 Nxg5 14. hxg5
e4 15. Qb3 Bxh6 16. gxh6 d5 17. Qxb7 Ng4 18. Nc3 Rb8 19. Qg7 Rf8 20. Qxh7 Qd6
21. g3 e3 22. f4 d4 23. Ne2 Rxb2 24. Rad1 Rxc2 25. Rxd4 Qc6 26. Rb1 Rf7 27. Qg8+
Rf8 28. Rb8+ 1-0

[Event "AUTO-ADV-997"]
[Site "http://www.queenalice.com/game.php?id=446149"]
[Date "2008.8.9"]
[Round "1"]
[White "fera77"]
[Black "E2TO"]
[Result "1-0"]
[WhiteElo "1842"]
[BlackElo "1895"]

1. d4 Nf6 2. c4 e6 3. Bg5 Bb4+ 4. Nd2 c5 5. a3 Bxd2+ 6. Qxd2 cxd4 7. Nf3 Nc6 8.
Nxd4 Ne4 9. Bxd8 Nxd2 10. Nxc6 Nxf1 11. Nxa7 Kxd8 12. Nxc8 Rxc8 13. b3 Nxh2 14.
Rxh2 Rc5 15. Rh3 d5 16. Rd3 Ke7 17. cxd5 Rxd5 18. Rxd5 exd5 19. Rc1 Rd8 20. Kd2
Kd6 21. Rh1 h6 22. Rh5 Kc6 23. Kd3 d4 24. Rf5 Rd7 25. Rf4 g5 26. Rf6+ Kd5 27.
Rxh6 1-0

[Event "AUTO-ADV-997"]
[Site "http://www.queenalice.com/game.php?id=446150"]
[Date "2008.8.9"]
[Round "1"]
[White "E2TO"]
[Black "andre_ramos"]
[Result "0-1"]
[WhiteElo "1883"]
[BlackElo "1666"]

1. d4 e6 2. e4 d5 3. e5 g6 4. Nf3 Bg7 5. b4 Ne7 6. Bd3 O-O 7. c4 dxc4 8. Bxc4 b6
9. O-O Bb7 10. Re1 Nf5 11. Nc3 Nh4 12. Ne4 Nxf3+ 13. gxf3 Nc6 14. Nf6+ Bxf6 15.
exf6 Qxf6 16. Bh6 Nxd4 0-1

[Event "AUTO-ADV-997"]
[Site "http://www.queenalice.com/game.php?id=446151"]
[Date "2008.8.9"]
[Round "1"]
[White "andre_ramos"]
[Black "E2TO"]
[Result "1/2-1/2"]
[WhiteElo "1675"]
[BlackElo "1886"]

1. d4 Nf6 2. c4 e6 3. Nc3 Bb4 4. Bd2 b6 5. a3 Bxc3 6. Bxc3 Ne4 7. Qc2 Nxc3 8.
Qxc3 d5 9. cxd5 exd5 10. e3 O-O 11. Nf3 Ba6 12. Bxa6 Nxa6 13. O-O Qd6 14. Ng5 h6
15. Nf3 c5 16. dxc5 bxc5 17. Rfd1 Nc7 18. e4 d4 19. Qc4 a5 20. e5 Qd5 21. Qxd5
Nxd5 22. Nd2 Rfe8 23. Nc4 Re6 24. g3 f6 25. exf6 Rxf6 26. Rac1 Re6 27. Re1 Kf7
28. Ne5+ Rxe5 29. Rxe5 Rd8 30. Rxc5 Nb6 31. Rc7+ Kf6 32. Rxa5 d3 33. Ra6 d2 34.
Rxb6+ Ke5 35. Re7+ Kd4 36. Rb4+ Kc5 37. Re5+ Kc6 38. Rc4+ Kb6 1/2-1/2